| 000 | 00380 a2200133 4500 | ||
|---|---|---|---|
| 001 | 90563 | ||
| 082 | _aPR 979 | ||
| 090 |
_c42898 _d42898 |
||
| 100 | _aFarooq Haider; Khalid M Tahir;Zaffir A Ch, advisors | ||
| 245 |
_aLoad measuring device for lifting hoist _nG-29 |
||
| 260 |
_aKarachi _bNED University _c1989 |
||
| 300 |
_aiv, 80 p. _bhand written |
||
| 500 | _aBE Project Reports | ||
| 942 |
_aCAE NUST _kPR 965 |
||
| 999 |
_c325636 _d325636 |
||